00690nam a2200205Ia 4500001002300000003000900023008004100032040002300073041001300096100002700109240001900136245002200155250001100177260002700188300002300215490003000238501012400268520005300392700003900445291.3-CIC ma di (8156)IT-MiSPE171229s9999||||xx |||||||||||||| ||und|| aIT-MiSPEcIT-MiSPE aITALIANO aMarco Tullio Cicerone  aDe divinatione 0aDella divinazione a2a ed. aMilanobGarzantic1991 aCI, 417 p. c18 cm aI grandi libri di G.v360 aEdizioni San Paolo srl - Piazza Soncino, 5 - 20092 CINISELLO BALSAMO (MI) (non commercial uses only) ® Copyright 2018 aSabastiano Timpanaro (intr., note). Ed. bilingue aSabastiano Timpanarog(traduzione)